Surgical neurology international
| Format: | Electronic Journal |
|---|---|
| Language: | English |
| Published: |
[Place of publication not identified] :
Medknow
Pittsford, NY, USA : Scientific Scholar LLC |
| Subjects: | |
| Online Access: | Full text available from Research Library: 01/01/2011 to 12/31/2014 Full text available from Research Library: 01/01/2016 to present |
MARC
| LEADER | 00000nas a2200000 a 4500 | ||
|---|---|---|---|
| 001 | ssj0000331109 | ||
| 003 | WaSeSS | ||
| 005 | 20200512172242.0 | ||
| 006 | m d | ||
| 007 | cr n | ||
| 008 | 100107c20109999pau x pss | a0eng | ||
| 010 | |a 2009208186 | ||
| 022 | |a 2152-7806 |l 2152-7806 | ||
| 035 | |a (WaSeSS)ssj0000331109 | ||
| 040 | |a DLC |b eng |c DLC |d DLC |d PFM |d NLM |d DLC |d CUS |d DLC |d OCLCQ |d OCLCF |d EUW |d OCLCQ |d WT2 |d OCLCO |d OCLCA |d OCLCQ |d WYU |d OCLCA |d NLM |d OCLCQ |d CNMTR |d OCLCQ |d WaSeSS | ||
| 042 | |a pcc |a nsdp | ||
| 050 | 1 | 4 | |a RD593 |
| 082 | 1 | 0 | |a 616 |2 14 |
| 210 | 0 | |a Surg. neurol. int. | |
| 222 | 0 | |a Surgical neurology international | |
| 245 | 0 | 0 | |a Surgical neurology international |h [electronic resource]. |
| 260 | |a [Place of publication not identified] : |b Medknow | ||
| 260 | 3 | |a Pittsford, NY, USA : |b Scientific Scholar LLC | |
| 310 | |a Irregular | ||
| 362 | 1 | |a Began with: 1:1 (7 April 2010). | |
| 506 | |a License restrictions may limit access. | ||
| 588 | 0 | |a 1:1 (7 April 2010); title from journal home page (publisher's Web site, viewed Sept. 15, 2010). | |
| 588 | 1 | |a 1:57 (16 Sept. 2010) (viewed Sept. 17, 2010). | |
| 650 | 0 | |a Nervous system |x Surgery |v Periodicals. | |
| 650 | 7 | |a Nervous system |x Surgery. |2 fast |0 (OCoLC)fst01036143 | |
| 650 | 1 | 2 | |a Neurosurgery. |
| 650 | 2 | 2 | |a Neurosurgical Procedures. |
| 650 | 2 | 2 | |a Nervous System Diseases. |
| 655 | 0 | |a Electronic journals. | |
| 776 | 0 | 8 | |i Print version: |t Surgical neurology international (Print) |x 2229-5097 |
| 856 | 4 | 0 | |z Full text available from Research Library: 01/01/2011 to 12/31/2014 |u https://search.proquest.com/publication/226457 |
| 856 | 4 | 0 | |z Full text available from Research Library: 01/01/2016 to present |u https://search.proquest.com/publication/226457 |